[Event "IND-ch U17 Girls"]
[Site "Saravanampatty"]
[Date "2017.10.27"]
[Round "5"]
[White "Tarini, Goyal"]
[Black "Tarunika, P."]
[Result "1-0"]
[WhiteElo "2062"]
[BlackElo "1543"]
[PlyCount "87"]
[EventDate "2017.10.24"]
[EventType "swiss"]
[EventRounds "11"]
[EventCountry "IND"]
[SourceTitle "CBM 181 Extra"]
[Source "ChessBase"]
[SourceDate "2017.12.12"]
[SourceVersion "1"]
[SourceVersionDate "2017.12.12"]
[SourceQuality "1"]

1. d4 d5 2. c4 e6 3. Nc3 Be7 4. Nf3 Nf6 5. Bg5 h6 6. Bh4 0-0 7. e3 b6 8. Bd3 Bb7 9. 0-0 Nbd7 10. Qe2 c5 11. Rfd1 Ne4 12. Bg3 Nxg3 13. hxg3 Nf6 14. Rac1 Rc8 15. cxd5 exd5 16. b3 a6 17. Bf5 Ra8 18. dxc5 bxc5 19. Na4 Qc7 20. Qc2 Bc8 21. Bd3 Nd7 22. e4 dxe4 23. Bxe4 Bb7 24. Bf5 Rfd8 25. Bxd7 Rxd7 26. Rxd7 Qxd7 27. Nb6 Qe6 28. Nxa8 Bxa8 29. Re1 Qf6 30. Qd3 Bf8 31. Re8 Bc6 32. Rc8 Bb5 33. Qd8 Qxd8 34. Rxd8 g6 35. a4 Be2 36. Ne5 Kg7 37. Rd2 Bh5 38. g4 f6 39. Rd7+ Kg8 40. gxh5 fxe5 41. hxg6 Bg7 42. Ra7 Bf8 43. Rxa6 Kg7 44. Re6 1-0